|
|
|
|
| LEADER |
01104nam a2200229 a 4500 |
| 001 |
GR-MES13008 |
| 008 |
070907s gr 000 0 gre d |
| 020 |
|
|
|a 9608767814
|q Set
|
| 020 |
|
|
|a 9608767822
|
| 040 |
|
|
|a GrPaTEI
|b gre
|c GR-PaULI
|
| 040 |
|
|
|a GrPaTEI
|b gre
|c GR-PaULI
|
| 082 |
|
0 |
|a 657.42
|2 21
|
| 100 |
1 |
|
|a Βενιέρης, Γεώργιος
|
| 245 |
1 |
0 |
|a Λογιστική κόστους :
|b Θεωρία και πράξη /
|c Γεώργιος Βενιέρης.
|
| 260 |
|
|
|a Αθήνα :
|b P.I. Publishing,
|c c2004
|
| 300 |
|
|
|a τ. Α' :
|b πιν. ;
|c 24εκ.
|
| 650 |
|
4 |
|a Λογιστική κόστους
|
| 942 |
|
|
|2 ddc
|
| 952 |
|
|
|0 0
|1 0
|2 ddc
|4 0
|6 657_420000000000000_ΒΕΝ
|7 0
|9 271543
|a MSLG
|b MSLG
|c BSC
|d 2021-01-17
|e 24
|f 0
|g 0.00
|l 0
|o 657.42 ΒΕΝ
|p 2420000020383
|r 2021-01-17 00:00:00
|t 1
|w 2021-01-17
|y BK15
|x 20070907 0 1
|x GrPaTEI
|
| 952 |
|
|
|0 0
|1 0
|2 ddc
|4 0
|6 657_420000000000000_ΒΕΝ
|7 0
|9 271544
|a MSLG
|b MSLG
|c BSC
|d 2021-01-17
|e 24
|f 0
|g 0.00
|l 0
|o 657.42 ΒΕΝ
|p 2420000020384
|r 2021-01-17 00:00:00
|t 1
|w 2021-01-17
|y BK15
|x 20070907 0 1
|x GrPaTEI
|
| 971 |
|
|
|a .b25790559
|b 16-04-20
|c 13-09-16
|
| 999 |
|
|
|c 156878
|d 156878
|